Little red riding hood and other tales

Bibliographic Details
Other Authors: Carter, Geraldine
Format: Book
Published: London : Bracken Books , 1988

MARC

LEADER 00000cam a2200000 7i4500
001 0000000981
002 000001089
005 20000330.0
020 |a 11851701214 
090 0 0 |a JF   |b LIT 
245 0 0 |a Little red riding hood and other tales   |c retold by Geraldine Carter ; illustrated by Dorothea 
260 |a London :   |b Bracken Books ,   |c 1988 
300 |a 54p :   |b ill ;   |c 28cm. 
700 0 |a Carter, Geraldine 
999 |a 029995   |b BUKU   |c PINJAMAN   |e PERPUSTAKAAN KOMUNITI PETALING JAYA 
999 |a 029996   |b BUKU   |c PINJAMAN   |e PERPUSTAKAAN KOMUNITI PETALING JAYA 
999 |a 029997   |b BUKU   |c RUJUKAN   |e PERPUSTAKAAN KOMUNITI PETALING JAYA